Shades of Red - Colour Quiz - Statistics

General Stats
  • This quiz has been taken 206 times
  • The average score is 8 of 25
Answer Stats
Colour Answer % Correct
#DC143C C{rimson}
74%
#660000 B{lood} red
60%
#800000 M{aroon}
60%
#FF2400 S{carlet}
60%
#E34234 V{ermillion}
45%
#7C0A02 B{arn} red
43%
#8B0000 D{ark} red
39%
#E0115F R{uby}
32%
#CE2029 F{ire} {engine} red
28%
#CD5C5C I{ndian} red
28%
#960018 C{armine}
25%
#E44D2E C{innabar}
24%
#733635 G{arnet}
24%
#E23D28 C{hili} red
23%
#58111A C{hocolate} {cosmos}
22%
#B22222 F{ire} {brick}
22%
#ED2939 I{mperial} red
21%
#A91101 T{urkey} red
21%
#DA2C43 R{usty} red
20%
#E60026 S{panish} red
20%
#A50021 M{adder}
19%
#C41E3A C{ardinal}
18%
#E62020 L{ust}
18%
#B31B1B C{ornell} red
16%
#A45A52 R{edwood}
16%
No matching quizzes found
Score Distribution
Percent of People with Each Score
Percentile by Number Answered
Your Score History
You have not taken this quiz